Statistiques concernant Capitales de l'Europe

Cliquez ici pour prendre le quiz!

Statistiques générales

  • Ce quiz a été pris 216 fois
  • Le résultat moyen est 38 sur 50

Statistiques - réponses

HintRéponse% Correct
AllemagneBerlin
99%
BelgiqueBruxelles
97%
EspagneMadrid
97%
FranceParis
97%
GrèceAthènes
94%
MonacoMonaco
94%
ItalieRome
94%
AutricheVienne
94%
PortugalLisbonne
93%
Royaume-UniLondres
93%
RussieMoscou
93%
LuxembourgLuxembourg
91%
Pays-BasAmsterdam
90%
SuisseBerne
90%
DanemarkCopenhague
90%
HongrieBudapest
89%
NorvègeOslo
89%
CroatieZagreb
89%
IrlandeDublin
87%
FinlandeHelsinki
87%
UkraineKiev
87%
RoumanieBucarest
86%
BulgarieSofia
86%
SuèdeStockholm
84%
PologneVarsovie
84%
TchéquiePrague
82%
Saint-MarinSaint-Marin
82%
AndorreAndorre-La-Vieille
78%
MalteLa Valette
76%
BiélorussieMinsk
76%
TurquieAnkara
74%
IslandeReykjavik
74%
Bosnie HerzégovineSarajevo
73%
AlbanieTirana
73%
LettonieRiga
68%
LituanieVilnius
67%
ChypreNicosie
63%
SlovénieLjubljana
62%
SerbieBelgrade
61%
EstonieTalinn
56%
LiechtensteinVaduz
54%
AzerbaïdjanBakou
52%
SlovaquieBratislava
52%
MoldavieChisinau
51%
MacédoineSkopje
49%
ArménieErevan
46%
KosovoPristina
46%
MonténégroPodgorica
43%
GéorgieTbilissi
39%
VaticanCité du Vatican
19%

Distribution des résultats

Percentile par nombre de réponses

% des personnes avec chaque résultat

Votre développement - résultats

Vous n’avez pas pris ce quiz